000
002790000a22000970004500
100
1
_a
Beale, G. K. (1949-)
245
1
0
_a
Isaiah 6:9-13 : A retributive taunt against idolatry
300
_a
Vol. 41, Num. 3 (Julio, 1991), Páginas 257-278
773
0
_t
Vetus Testamentum
942
_c
ANA
999
_c
57667
_d
57667